Obálka Náhled e-knihy:
Epub
Pro půjčování e-knih musíte být přihlášeni.
Jak si půjčit online?

Alex Verus. IV., Vyvolený /

Další pokračování fantasy série, v němž se hlavní hrdina, mág a věštec Alex Verus, musí vyrovnat s temnými stíny vlastní minulosti.

Uloženo v:
Série:Alex Verus, část 4
Hlavní autor: Jacka, Benedict, 1980- (Autor)
Další autoři: Niklová, Kateřina, 1979- (Autor)
Médium: E-kniha
Jazyk:Czech
Vydáno: Ostrava : Fantom Print, 2022
Vydání:1. vydání
Témata:
Příbuzné jednotky:Z cyklu:: Alex Verus
Tagy:
Žádné tagy
LEADER 02581nam a2200469 i 4500
001 311539
003 CZ PrSKC
005 20260601215707.0
007 ta
008 220413s2022 xr g 000 f cze
015 |a cnb003416796 
020 |a 9788075941039  |q (brožováno) 
035 |a (OCoLC)1335741937 
040 |a ABG001  |b cze  |e rda 
041 1 |a cze  |h eng 
072 7 |a 821.111-3  |x Anglická próza, anglicky psaná  |2 Konspekt 
080 |a 821.111-31  |2 MRF 
080 |a (0:82-312.9)  |2 MRF 
100 1 |a Jacka, Benedict,  |d 1980-  |7 xx0245362  |4 aut 
240 1 0 |a Chosen.  |l Česky 
245 1 0 |a Alex Verus.  |n IV.,  |p Vyvolený /  |c Benedict Jacka ; překlad Kateřina Niklová 
246 3 0 |a Vyvolený 
250 |a 1. vydání 
264 1 |a Ostrava :  |b Fantom Print,  |c 2022 
300 |a 319 stran ;  |c 21 cm 
336 |a text  |b txt  |2 rdacontent 
337 |a bez média  |b n  |2 rdamedia 
338 |a svazek  |b nc  |2 rdacarrier 
500 |a Přeloženo z angličtiny 
520 2 |a Další pokračování fantasy série, v němž se hlavní hrdina, mág a věštec Alex Verus, musí vyrovnat s temnými stíny vlastní minulosti.  |b Alex Verus je věštec, který vidí možné budoucnosti - jeho schopnosti ho už dostaly z mnoha svízelných situací. Jenže tentokrát to možná tak snadné nebude. Alex kdysi býval učedníkem temného mága a v jeho službách udělal spoustu věcí, na které není pyšný. Uprostřed zvěstí o návratu svého dávného mistra musí Alex čelit následkům svých přečinů v podobě mladého adepta, jemuž jde jen o pomstu. Alex sice změnil svůj život k lepšímu, obává se však toho, co si jeho přátelé - včetně učednice Luny - pomyslí o této temné minulosti. Jenže pokud mají riskovat život, potřebují vědět, za koho vlastně bojují... Nakladatelská anotace. 
546 |a Český text 
655 7 |a anglické romány  |7 fd131814  |2 czenas 
655 7 |a fantasy romány  |7 fd184199  |2 czenas 
655 9 |a English fiction  |2 eczenas 
655 9 |a fantasy novels  |2 eczenas 
700 1 |a Niklová, Kateřina,  |d 1979-  |7 xx0038698  |4 trl 
787 0 8 |i Z cyklu:  |t Alex Verus  |g 4 
900 |a ABA001  |b 21 
044 |a xr 
910 |a RBIT002 
998 |d 350216  |a https://core.palmknihy.cz/api/books/350216/cover?r9vant  |b https://core.palmknihy.cz/api/books/350216/cover/400?r9vant  |c https://core.palmknihy.cz/api/books/350216/cover/50?r9vant  |e 2026-11-13  |g 320  |i 9788075941039  |j https://core.palmknihy.cz/api/books/350216/preview.epub  |l   |q 49  |r 1  |s https://www.palmknihy.cz/kniha/350216  |t ebook  |y 2022  |z 0  |v Alex Verus  |w 4 
999 |d 311537